000 00961nmc a2200313 a 4500
003 AR-BaBNM
005 20251128204957.0
008 011101s1974 ||||||||||||||000 | spa||
040 _cAR-BaBNM
100 0 _aJesualdo
245 1 0 _aLa escuela politécnico-humanista
_bescuela del futuro
250 _a1ª ed.
260 _aBuenos Aires
_bLosada
_c1974
300 _a278 p.
490 0 _aPublicaciones de la revista de pedagogía. La escuela activa
500 _aEl nombre completo del autor es Jesualdo Sosa
650 4 _aORGANIZACION DE LA EDUCACION
650 4 _aSOCIALISMO
650 4 _aESCUELAS POLIVALENTES
650 4 _aPOLITICA EDUCATIVA
650 4 _aFORMACION DE DOCENTES
650 4 _aRELACION FAMILIA-ESCUELA
650 4 _aUNIVERSIDADES E INSTITUTOS DE ENSENANZA SUPERIOR
650 4 _aEDUCACION ESPECIAL
651 4 _aAlemania [República Federal]
800 1 _aLuzuriaga, Lorenzo
_efundador
942 _cBK
998 _csilvi
999 _c9556
_d9556